000 00939cam a2200253 a 4500
001 000012986
005 20200929163120.0
008 960717s1995 mx a b 000 0 spa d
020 _a9686075585
035 _a(DLC) 96170067
035 _a(OCoLC)33297664
040 _aDO-SdBNP
_cCSdS
_dDLC
_dBNPHU
082 _a362.294
_bR175p
100 1 _aRamos, José María.
_929939
245 1 4 _aLas políticas antidrogas y comercial de Estados Unidos en la frontera con México /
_cJosé María Ramos ; edición, Óscar Tienda.
260 _aTijuana, Baja California, (México) :
_bEl Colegio de la Frontera Norte,
_c1995.
300 _a133 p. :
_bil. ;
_c23 cm.
504 _aBibliografía: (p. 127-133).
650 4 _aControl de drogas y narcoticos
_zEstados Unidos.
_929940
650 4 _aControl de drogas y narcoticos
_zMexico.
_929941
700 1 _aTienda, Óscar,
_eed.
_929942
910 _aCatalogación por copia / LC
049 _aBNGR
999 _c12633
_d12633